000
00267nam a22001097a 4500
008
170125b xxu||||| |||| 00| 0 eng d
020
_a
9780781732178
041
_a
eng
080
_a
618.2
245
_a
2002 LIPPINCOTT'S NURSING DRUG GUIDE
_c
KARCH, A.M
942
_2
udc
_c
BK
999
_c
3640
_d
3640